| 000 | 01904nam a2200433 i 4500 | ||
|---|---|---|---|
| 001 | 14802496 | ||
| 003 | EG-ScBUE | ||
| 005 | 20230216042454.0 | ||
| 008 | 150929r20172011enkab f b 001 0 eng d | ||
| 020 | _z9781848855335 | ||
| 035 | _a(CaONFJC)MIL316912 | ||
| 040 |
_aMiAaPQ _beng _erda _epn _cMiAaPQ _dMiAaPQ _dEG-ScBUE |
||
| 043 | _af-ua--- | ||
| 082 | 0 | 4 |
_222 _a956.044 _bKYL |
| 100 | 1 |
_aKyle, Keith, _eauthor. |
|
| 245 | 1 | 0 |
_aSuez : _bBritain's end of empire in the Middle East / _cKeith Kyle ; foreword by Wm. Roger Louis ; afterword by Peter Hennessy. |
| 250 | _aReprint edition. | ||
| 264 | 1 |
_aLondon, [England] ; _aNew York, New York : _bI.B. Tauris, _c2017. |
|
| 300 |
_axvi, 686 pages : _billustrations, maps ; _c24 cm |
||
| 336 |
_atext _btxt _2rdacontent |
||
| 337 |
_acomputer _bc _2rdamedia |
||
| 338 |
_aonline resource _bcr _2rdacarrier |
||
| 500 | _a"'Masterpiece', Peter Hennessy"--Cover. | ||
| 504 | _aIncludes bibliographical references and index. | ||
| 588 | _aDescription based on online resource; title from PDF title page (EBL, viewed September 28, 2015). | ||
| 590 | _aAccess is available to the Yale community. | ||
| 651 | 7 |
_aEgypt _xHistory _yIntervention, 1956. _2BUEsh |
|
| 653 |
_bBUSBOL _cFebruary2023 |
||
| 655 | _vReading book | ||
| 700 | 1 |
_aHennessy, Peter, _eauthor of introduction, etc. |
|
| 700 | 1 |
_aLouis, Roger, _eauthor of introduction, etc. |
|
| 730 | 0 | _aProQuest ebook central. | |
| 776 | 0 | 8 |
_iPrint version: _aKyle, Keith. _tSuez : Britain's end of empire in the Middle East. _dLondon, [England] ; New York, New York : I.B. Tauris, c2011 _hxvi, 686 pages _z9781848855335 |
| 856 | 4 | 0 |
_yOnline book _uhttps://yale.idm.oclc.org/login?URL=https://ebookcentral.proquest.com/lib/yale-ebooks/detail.action?docID=738285 |
| 942 |
_2ddc _cBB |
||
| 946 | _aDO NOT EDIT. DO NOT EXPORT. | ||
| 999 |
_c30157 _d30128 |
||